00717cam a22002293a 45000010005000000030006000050050017000110080041000280400015000690420007000840500007000911000036000982450068001342600029002025060030002315160020002616530034002816530055003156530048003708300028004188560041004463289PGUSA20140828083030.0020601s2002||||xxu|||||s|||||000 1 eng d aPGUSAbeng adc 4aPR1 aDoyle, Arthur Conan,d1859-193014aThe Valley of Fearh[electronic resource] /cArthur Conan Doyle bProject Gutenberg,c2002 aPublic domain in the USA. aElectronic text aDetective and mystery stories aHolmes, Sherlock (Fictitious character) -- Fiction aPrivate investigators -- England -- Fiction 0aProject Gutenbergv328940uhttp://www.gutenberg.org/ebooks/3289